Statistics for Name the manga by plot.

Click here to take the quiz!

General Stats

  • This quiz has been taken 83 times
  • The average score is 9 of 20

Answer Stats

HintAnswer% Correct
Boy with no powers meets his hero, and goes to a super hero school.My Hero
97%
After his grandfather dies and he eats a finger he's forced to learn sorcery.Jujutsu Kaisen
86%
Humanity has to live behind giant walls to escape GiantsAttack on Titan
78%
Boy gets his dad killed and is forced to live among VikingsVinland Saga
68%
Boy finds a special book and tries to make the world a better place without getting caughtDeath Note
66%
Man has trained to be a hero but is bored by his outstanding abilityOne Punch Man
65%
Three special individuals must pretend to be a familySpy x Family
62%
Orphan tries to become a ninjaNaruto
60%
Boy with no magic gets a book that can make anti-magic swordsBlack Clover
57%
On a date a boy accidentally becomes a stigmatized monsterTokyo Ghoul
52%
After his family is killed a boy must find a way to cure his surviving sisterDemon Slayer
48%
Boy with psychic powers balances school life and his job working for a con-manMob Psycho 100
48%
After his brother and mother are killed by infernals a boy trains and joins an organization to kill them.Fire Force
43%
Gamer gets trapped in a dead MMOOverlord
28%
A no life dies and becomes an unassuming monster in a fantasy world and makes a deal with a dragon.That Time I got Reincarnated As a slime
22%
Poor boy with no family gets manipulated by womenChainsaw Man
18%
Super strong boy with no magical powers goes to magic school.Magic and Muscles
9%
Aging disaster cleaner becomes able to turn into a monsterKaiju number 8
8%
After getting defeated a great evil must carve out a modest livingThe Devil is a Part Timer
8%
Follows a family that do wacky thingsJojo's Bizarre Adventure
5%

Score Distribution

Percentile by Number Answered

Percent of People with Each Score

Your Score History

You have not taken this quiz